000 00522cam a2200217ua 4500
001 7774
008 141223n ii |||gr||||Z||||||asm
020 _a9789381485361
040 _cMAIN
041 _aasm
082 _a954.162
100 _aPathak, N. Ch.,
_eAuthor.
245 1 _aAsomar itihas charcha
_cBy Niranjan Ch. Pathak
250 _a1st.
260 _aGuwahati:
_bJyoti,
_c2012.
300 _a472p.
653 _aSouth Asia India
653 _aAssam history
700 _aPathak, G.,
_eAuthor.
942 _cBK
999 _c6895
_d6895